000 00583nam a2200217Ia 4500
003 OSt
005 20220925215336.0
006 a|||||r|||| 00| 0
007 ta
008 220923b |||||||| |||| 00| 0 eng d
037 _cGeneral Book
040 _aRTL
_cRTL
_beng
041 _2eng
_aeng
082 _aX:9.561.N62r, K4
245 0 _aGibralter
_b Report for the year 1962.
260 _aLondon
_bHer Majesty
_c1964
300 _a119p.
_ccm.
500 _aAppendix :98-119p.
942 _hX:9.561.N62r, K4
_cGB
_2CC
999 _c568540
_d568540